Normale Ansicht MARC-Ansicht ISBD

Veka sovmestnoj istorii (Titelsatznr. 73761)

[ MARC ]
MARC-Details
000 -Satzkennung
Kontrollfeld mit fester Länge 00982nam a22003133u 4500
001 - Kontrollnummer
Kontrollfeld DHIM2026021909090050
003 - Kontrollnummer Identifier
Kontrollfeld RU-10907106
005 - Datum und Zeit der letzten Transaktion
Kontrollfeld 20260224150540.0
007 - Feld mit fester Länge zur physischen Beschreibung - Allgemeine Information
Kontrollfeld mit fester Länge tu
008 - Feld mit fester Länge zur physischen Beschreibung - Allgemeine Angaben
Kontrollfeld mit fester Länge 260219s2017 ru ||| ||| 000 0 rus d
020 ## - Internationale Standardbuchnummer
Verknüpfung 978-5-91766-135-3
Internationale Standardbuchnummer 9785917661353
040 ## - Katalogisierungsquelle
Original-Katalogisierungsstelle RU-10907106
Katalogisierungssprache ger
Übertragungsstelle RU-10907106
041 ## - Sprachcode
Sprachcode des Textes/der Tonspur oder des separaten Titels rus
100 1# - Haupteintragung - Personenname
Funktionsbezeichnungscode edt
Personenname Dzamichov, K. F.
Koha-Normdatenidentnummer 68527
245 #0 - Titel
Titel Veka sovmestnoj istorii
Zusatz zum Titel Narody Kabardino-Balkarii v rossijskom civilizacionnom processe (1557-1917 gg.)
264 #1 - Produktion, Veröffentlichung, Distribution, Herstellung und Urheberrechtsvermerk
Herstellungs-, Veröffentlichungs- Vertriebs-, Erzeugungsort Nal'čik
Produzent, Herausgeber, Distributor, Hersteller Izdatel'skij otel IGI KBNC RAN
Datum der Herstellung, der Veröffentlichung, des Vertriebs oder des Urheberschutzvermerks 2017
336 ## - Inhaltstyp
Quelle rdacontent
Inhaltstypterm Text
Inhaltstypcode txt
337 ## - Medientyp
Quelle rdamedia
338 ## - Datenträgertyp
Quelle rdacarrier
650 ## - Nebeneintragung unter einem Schlagwort - Sachschlagwort
Sachschlagwort oder geografischer Name als Eintragungselement Kabardiner
Koha-Normdatenidentnummer 68528
650 ## - Nebeneintragung unter einem Schlagwort - Sachschlagwort
Sachschlagwort oder geografischer Name als Eintragungselement Ethnische Gruppe
Koha-Normdatenidentnummer 2000
651 ## - Nebeneintragung unter einem Schlagwort - Geografischer Name
Geografischer Name Kaukasus
651 ## - Nebeneintragung unter einem Schlagwort - Geografischer Name
Geografischer Name Kaukasus (Nord)
Koha-Normdatenidentnummer 2579
651 ## - Nebeneintragung unter einem Schlagwort - Geografischer Name
Geografischer Name Kabardino-Balkarien
Koha-Normdatenidentnummer 13128
651 ## - Nebeneintragung unter einem Schlagwort - Geografischer Name
Geografischer Name Russland
700 1# - Nebeneintragung - Personenname
Funktionsbezeichnungscode edt
Personenname Kušova, I. Ch.
Koha-Normdatenidentnummer 68529
710 2# - Nebeneintragung - Körperschaftsname
Funktionsbezeichnungscode edt
Körperschafts- oder Gebietskörperschaftsname als Eintragungselement Institut gumanitarnych issledovanij
Koha-Normdatenidentnummer 68530
942 ## - Zusätzliche Felder (Koha)
Klassifikation oder Aufstellungssystematik Andere/Generische Klassifikation
Koha-Medientyp Monographien
Exemplare
Ausgeschieden Verloren Klassifikation oder Aufstellungssystematik Beschädigt Nicht entleihbar Heimatbibliothek Aufenthaltsbibliothek Erwerbungsdatum Inventarnummer Signatur Barcode Letzte Aktivität Preis gültig von Koha-Medientyp
    Andere/Generische Klassifikation     MWN Osteuropa MWS-Büro Georgien 13/11/2025 26-00038 R 50 n Kab-Bal 76693 19/02/2026 19/02/2026 Monographien